01566 2200469 4500001002100000005001500021035002000036007000300056008004100059020002200100082001100122084001700133100001800150245006000168250001100228260003400239300002700273650003500300650002100335520020300356520001700559990002600576990002600602990002600628990002600654990002600680990002600706990002600732990002600758990002600784990002600810990002600836990002600862990002600888990002600914990002600940990002600966990002600992990002601018990002601044990002601070INLIS00000000001027720221025115136 a0010-0122000011ta221025 g 0 ind  a978-602-6344-47-2 a328.37 a328.37 LUT p0 aLutfil Ansori1 aPengujian peraturan perundang-undangan /cLutfil Ansori aCet. 1 aMalang :bSetara Press,c2015 axvi, 172 hlm. ;c23 cm 4aPerundang-undangan - Indonesia 4aHak uji material aBuku ini membahas tentang ilmu perundang-undangan serta turunannya sehingga dapat menjadi pembanding dalam mempelajari Hukum Tata Negara terutama dalam kaitannya dengan pengujian peraturan tersebut. ahlm. 160-170 a26603/MKRI-P/XII-2021 a26604/MKRI-P/XII-2021 a26605/MKRI-P/XII-2021 a26606/MKRI-P/XII-2021 a26606/MKRI-P/XII-2021 a26603/MKRI-P/XII-2021 a26604/MKRI-P/XII-2021 a26605/MKRI-P/XII-2021 a26605/MKRI-P/XII-2021 a26603/MKRI-P/XII-2021 a26604/MKRI-P/XII-2021 a26606/MKRI-P/XII-2021 a26604/MKRI-P/XII-2021 a26603/MKRI-P/XII-2021 a26605/MKRI-P/XII-2021 a26606/MKRI-P/XII-2021 a26603/MKRI-P/XII-2021 a26604/MKRI-P/XII-2021 a26605/MKRI-P/XII-2021 a26606/MKRI-P/XII-2021